Environmental modeling and health risk analysis(ACTS/RISK) (Record no. 20201)

MARC details
000 -LEADER
fixed length control field 00462nam a2200169Ia 4500
008 - FIXED-LENGTH DATA ELEMENTS--GENERAL INFORMATION
fixed length control field 230917s9999||||xx |||||||||||||| ||und||
020 ## - ISBN
Price EUR69.99
040 ## - CATALOGING SOURCE
-- 207911
Original cataloging agency VIVEKANANDA LIBRARY
041 ## - Language
-- English
082 ## - DDC NUMBER
Classification number 363.700113 A12E
100 ## - MAIN ENTRY--PERSONAL NAME
Personal name Aral, Mustafa M
245 #0 - TITLE STATEMENT
Title Environmental modeling and health risk analysis(ACTS/RISK)
260 ## - PUBLICATION, DISTRIBUTION, ETC. (IMPRINT)
Place of publication, distribution, etc Heidelberg
Name of publisher, distributor, etc Springer
Date of publication, distribution, etc 2010
300 ## - PHYSICAL DESCRIPTION
Pages xiv, 470 p.
500 ## - GENERAL NOTE
General note 2499 29/07/2013 196 08/08/2013
942 ## - ADDED ENTRY ELEMENTS (KOHA)
Koha item type Books
Holdings
Withdrawn status Lost status Damaged status Not for loan Location (home branch) Sublocation or collection (holding branch) Date acquired Koha issues (times borrowed) Koha full call number Accession No. Koha date last seen Koha item type
        VIVEKANANDA LIBRARY VIVEKANANDA LIBRARY 14/11/2013   363.700113 A12E 334082 17/09/2023 Books
© Designed and Maintained by Vivekananda Library, MDU Rohtak